| 000 | 01189nam a2200289Ia 4500 | ||
|---|---|---|---|
| 003 | OSt | ||
| 005 | 20220930190020.0 | ||
| 006 | a|||||r|||| 00| 0 | ||
| 007 | ta | ||
| 008 | 220926b |||||||| |||| 00| 0 hin d | ||
| 020 |
_a8126006102 (pbk) _c160 |
||
| 024 | _a92694 | ||
| 037 |
_b530, 19/03/2009, Vani Prakashan _cTextbook |
||
| 040 |
_aCRL _cCRL _bhin |
||
| 041 |
_2hin _ahin |
||
| 082 | _aO111,1M79w, 152M9 | ||
| 100 | _aसेनगुप्त, पद्यिनी | ||
| 245 | 0 | _aसरोजनी नायडू | |
| 246 | _aSarojanī nāyaḍū | ||
| 260 |
_aनई दिल्ली, _bवाणी प्रकाशन, भारत _c1978 |
||
| 300 |
_a108पृ0 _ccm. |
||
| 490 | _aभारतीय साहित्य के निर्माता | ||
| 650 | _aअंग्रेजी साहित्य | ||
| 700 |
_a वर्मा, महेन्द्रकुमार, अनु. _9558547 |
||
| 942 |
_hO111,1M79w, 152M9 _cTB _2CC |
||
| 999 |
_c891454 _d891454 |
||